Statistics for Biggest Capital Cities

Click here to take the quiz!

General Stats

  • This quiz has been taken 37 times
  • The average score is 6 of 20

Answer Stats

PercentageCapital% Correct
100.0%Vatican City
81%
9.09%Monaco
72%
11.82%San Marino
56%
3.7%Tokyo
44%
10.81%Vaduz
38%
4.37%Apia
28%
9.03%Bridgetown
28%
12.95%Castries
25%
8.0%Funafuti
22%
4.43%Kingston
22%
21.03%Kingstown
22%
3.83%South Tarawa
22%
4.83%Kuwait City
19%
15.34%Palikir
19%
4.37%Victoria
19%
7.5%Yaren
19%
5.11%Majuro
16%
3.95%Manama
16%
19.71%Mbabane
3%
5.25%Pristina
3%

Score Distribution

Percentile by Number Answered

Percent of People with Each Score

Your Score History

You have not taken this quiz